000 00576nam a2200217 a 4500
001 45567
003 BD-RjUL
005 20211209054032.0
008 160727s1967 enk 001 0 eng
035 _a(BD-RjUL)45685
040 _aDLC
_cYOM
_beng
_dBD-RjUL
041 _aeng
082 _223
_a340.1
_bFRL 1967
100 1 _aFriedmann, Wolfgang,
_d1907-1972.
_911773
245 1 0 _aLegal theory /
_cWolfgang Friedmann
250 _a5th ed.
260 _aLondon :
_bStevens,
_c1967
300 _axviii, 607 p. ;
_c25 cm
650 0 _aLaw
_xPhilosophy.
_911434
942 _2ddc
_cBK
999 _c45567
_d45567